| 000 | 00700nam a22002417a 4500 | ||
|---|---|---|---|
| 999 |
_c135271 _d135271 |
||
| 003 | dpl | ||
| 005 | 20190123155147.0 | ||
| 008 | 190123b ||||| |||| 00| 0 eng d | ||
| 010 | _aB-108573 | ||
| 020 | _c95.00 | ||
| 035 | _aB-108573, B-108599 | ||
| 037 | _bCen Lib/Ret | ||
| 040 |
_aDPL _bEN _c0 |
||
| 082 |
_a618.2 _bGOE |
||
| 100 |
_aGoel, Satish _919612 |
||
| 245 |
_aPregnancy and child care / _cby Satish Goel |
||
| 260 |
_aNew Delhi _bDiamond Books _c2004 |
||
| 270 |
_aX-30, Okhla industrail area Phase - ll _bNew Delhi _e110020 |
||
| 300 |
_a181p. _c21cm(Hb) |
||
| 650 |
_aChild care _910040 |
||
| 650 |
_aPregnancy care _985807 |
||
| 942 |
_2ddc _cEN _h618.2 _mGOE |
||